000 00661nam a2200205Ia 4500
003 GCL
008 140319s9999 xx 000 0 ara d
040 _aGCL /
_cGCL
082 0 4 _a658
_bح ت
100 1 _aحسين حمادى
245 1 0 _aالتميز فى خدمة العملاء /
_cحسين حمادى
260 _aالقاهرة :
_bمركز اكسفورد للاستشارات والتدريب الادارى ،
_c1991
300 _a154 ص ؛
_c19 سم
490 _a
650 0 4 _aادارة الاعمال
650 0 4 _aالخدمة الاجتماعية
650 0 4 _aادارة التسويق
650 0 4 _aالعملاء
942 _2ddc
_cBK
999 _c36018
_d36018